| 000 | 00707nam a22001817a 4500 | ||
|---|---|---|---|
| 005 | 20251108175038.0 | ||
| 008 | 250721s2012 xx 000 0 ara d | ||
| 082 | 1 | 4 | _a346.09/مقد |
| 100 | 1 | _aبني مقداد، محمد علي محمد | |
| 245 | 1 | 0 | _aالشيك الحصين لكل مجال و حين في ضوء قانون التجارة وشروحات الفقه و أحكام القضاء / |
| 264 | 1 |
_aعمان : _bمؤسسة حمادة للدراسات الجامعية و النشر والتوزيع، _c2012. |
|
| 300 | _a124ص. | ||
| 650 | 1 | 7 | _aالقانون الخاص |
| 650 | 1 | 7 | _aالاقتصاد الاسلامي |
| 650 | 1 | 7 | _aالشيكات |
| 942 |
_2ddc _cBK |
||
| 999 |
_c124811 _d124811 |
||